000 01739nam0a2200409 4500
001 RU\NLR\BIBL_A\012687287
005 20220214124310.0
010 _a978-5-8071-0565-3
_91000
021 _aRU
_bКН-П-21-065645
_9КН-П-21-5180
035 _a(NLR Aleph) 012687287
035 _a(RuMoRGB)010816056
090 _a12834961
_c12834961
100 _a20220118d2021 k y0rusy50 ca
101 0 _arus
102 _aRU
105 _ay|||z||||||z|
181 1 _ai
_b e
182 1 _an
200 1 _aКнягиня Ливен
_eнетитулованная королева европейской дипломатии
_eполная биография
_fН. П. Таньшина
203 _aТекст
_bвизуальный
_cнепосредственный
210 _aСанкт-Петербург
_cЕвразия
_d2021
215 _a382, [1] с.
_d21
300 _aНа 4-й с. обл. авт.: д-р ист. наук, проф.Н. П. Таньшина
320 _aБиблиогр.: с. 363-368 и в подстроч. примеч.
320 _aУказ. имен: с. 369-381
517 1 _aНетитулованная королева европейской дипломатии
600 1 _aЛивен
_bД.Х.
_gДарья Христофоровна
_f1785 - 1857
_2nlr_sh2
_3RU\NLR\AUTH\661544130
686 _2rubbk
686 _2rubbk
686 _2rubbk
686 1 _aТ3(2)47-8
700 1 _aТаньшина
_bН. П.
_gНаталия Петровна
_3RU\NLR\AUTH\7791550
702 1 _aЛивен
_bД.Х.
_cкнягиня
_f1785-1857
_gДарья Христофоровна
_3RU\NLR\AUTH\770174249
_4570
942 _cBOOK
980 _aNB